[Event "EU-ch (Women) 24th"]
[Site "Rhodes"]
[Date "2024.04.25"]
[Round "6"]
[White "Rodriguez Redondo, Adhara"]
[Black "Radeva, Viktoria"]
[Result "0-1"]
[WhiteElo "2152"]
[BlackElo "2315"]
[PlyCount "80"]
[EventDate "2024.04.19"]
[EventType "swiss"]
[EventRounds "10"]
[EventCountry "GRE"]
[SourceTitle "CB18_2024"]
[SourceDate "2024.05.01"]
[SourceVersion "1"]
[SourceVersionDate "2024.05.01"]
[SourceQuality "2"]

1. e4 c5 2. Nf3 Nf6 3. Nc3 e6 4. d4 d5 5. exd5 Nxd5 6. Bb5+ Bd7 7. Bxd7+ Qxd7 8. Nxd5 Qxd5 9. 0-0 Nc6 10. Be3 c4 11. b3 Be7 12. bxc4 Qxc4 13. Nd2 Qa6 14. Qg4 g6 15. c4 0-0 16. d5 exd5 17. cxd5 Nb4 18. Bg5 Nxd5 19. Bxe7 Nxe7 20. Qg5 Nf5 21. Ne4 Rad8 22. g4 Nd4 23. f3 f6 24. Qh4 Qc6 25. Qf2 f5 26. gxf5 Rxf5 27. Qh4 Rdf8 28. Ng5 Rxg5+ 29. Qxg5 Nxf3+ 30. Rxf3 Qxf3 31. Rc1 Qf2+ 32. Kh1 Qxa2 33. Qc5 b6 34. Qc6 Qf2 35. Qc4+ Qf7 36. Qc2 b5 37. Qc5 b4 38. Kg2 b3 39. Qc3 Qf2+ 40. Kh1 Qf3+ 0-1

[Event "EU-ch (Women) 24th"]
[Site "Rhodes"]
[Date "2024.04.19"]
[Round "1"]
[White "Radeva, Viktoria"]
[Black "Peglau, Dora"]
[Result "1-0"]
[WhiteElo "2315"]
[BlackElo "2002"]
[PlyCount "129"]
[EventDate "2024.04.19"]
[EventType "swiss"]
[EventRounds "10"]
[EventCountry "GRE"]
[SourceTitle "CB18_2024"]
[SourceDate "2024.05.01"]
[SourceVersion "1"]
[SourceVersionDate "2024.05.01"]
[SourceQuality "2"]

1. e4 c6 2. Nc3 d5 3. Nf3 g6 4. d4 Bg7 5. h3 dxe4 6. Nxe4 Nf6 7. Nxf6+ exf6 8. Bc4 0-0 9. 0-0 a5 10. a4 Nd7 11. c3 Nb6 12. Bb3 Nd5 13. Bd2 Re8 14. Re1 Be6 15. c4 Nb4 16. Bc3 Bh6 17. Nh2 Bf5 18. Rxe8+ Qxe8 19. Ng4 Bg5 20. d5 cxd5 21. cxd5 Kg7 22. Qd4 Qe4 23. Qxe4 Bxe4 24. f4 Bxf4 25. Nxf6 Be3+ 26. Kh1 Bc2 27. Ng4+ Kg8 28. Nf6+ Kg7 29. Bc4 Ba7 30. d6 Nc6 31. Ne8+ Kf8 32. Nc7 Rd8 33. Rf1 Bf5 34. g4 Be4+ 35. Kh2 Rd7 36. Ne6+ Ke8 37. Ng5 f5 38. Nxe4 fxe4 39. Rf6 Bc5 40. Re6+ Kf8 41. Rxe4 Bxd6+ 42. Kg2 Re7 43. Bd5 Rxe4 44. Bxe4 Bc7 45. Bd5 Ke7 46. Kf3 Kd6 47. Ke4 Bd8 48. Bg8 h5 49. Bf7 hxg4 50. hxg4 g5 51. Kf5 Kc5 52. Bf6 b5 53. axb5 Bxf6 54. Kxf6 Kxb5 55. Be8 Kc5 56. Bxc6 Kxc6 57. Kxg5 Kc5 58. Kf4 Kc4 59. g5 Kb3 60. g6 Kxb2 61. g7 a4 62. g8Q a3 63. Qb8+ Ka1 64. Qe5+ Kb1 65. Qd4 1-0

[Event "Bremen Jubilee 125 op"]
[Site "Bremen"]
[Date "2024.03.02"]
[Round "1"]
[White "Knaak, Rainer"]
[Black "Radeva, Viktoria"]
[Result "1/2-1/2"]
[WhiteElo "2450"]
[BlackElo "2325"]
[PlyCount "76"]
[EventDate "2024.03.02"]
[EventType "swiss"]
[EventRounds "9"]
[EventCountry "GER"]
[SourceTitle "CB11_2024"]
[SourceDate "2024.03.13"]
[SourceVersion "1"]
[SourceVersionDate "2024.03.13"]
[SourceQuality "1"]

1. d4 d5 2. c4 e6 3. Nc3 c6 4. Nf3 Nf6 5. Bg5 Nbd7 6. cxd5 exd5 7. e3 Be7 8. Bd3 Ne4 9. Bf4 Ndf6 10. Qc2 0-0 11. 0-0 Bf5 12. Ng5 Nxg5 13. Bxf5 Ne6 14. Be5 g6 15. Bxe6 fxe6 16. Qe2 Bd6 17. Rad1 Bxe5 18. dxe5 Nd7 19. f4 Qe7 20. Rf3 Rf7 21. e4 Raf8 22. exd5 cxd5 23. Qe3 Qb4 24. g3 Qxb2 25. Rb1 Qa3 26. Nb5 Qxa2 27. Rff1 Nb6 28. Ra1 Qb2 29. Rfb1 Qc2 30. Nd4 Qc8 31. Rxa7 Nc4 32. Qd3 b6 33. Rba1 Rxa7 34. Rxa7 Qc5 35. Kg2 Nb2 36. Qd2 Nc4 37. Qd3 Nb2 38. Qd2 Nc4 1/2-1/2

[Event "EU-ch Blitz (Women)"]
[Site "Monaco"]
[Date "2024.01.12"]
[Round "6"]
[White "Radeva, Viktoria"]
[Black "Guillo Longares, Cecilia"]
[Result "1-0"]
[WhiteElo "2325"]
[BlackElo "2096"]
[PlyCount "63"]
[EventDate "2024.01.12"]
[EventType "swiss (blitz)"]
[EventRounds "13"]
[EventCountry "MNC"]
[SourceTitle "CB03_2024"]
[SourceDate "2024.01.17"]
[SourceVersion "1"]
[SourceVersionDate "2024.01.17"]
[SourceQuality "1"]

1. e4 c5 2. Nc3 Nc6 3. Nge2 g6 4. g3 Bg7 5. Bg2 Nf6 6. d3 d6 7. 0-0 0-0 8. h3 Bd7 9. Be3 Rb8 10. Qd2 b5 11. Bh6 b4 12. Nd1 Nd4 13. Bxg7 Kxg7 14. f4 Nh5 15. Kh2 f5 16. Nxd4 cxd4 17. exf5 gxf5 18. Re1 e6 19. Qf2 Qf6 20. Bf3 Be8 21. Qe2 Kh6 22. Qxe6 Bg6 23. Qxf6 Rxf6 24. b3 Rc8 25. Re2 Rf7 26. Nb2 Nf6 27. a3 bxa3 28. Rxa3 Rfc7 29. Nc4 d5 30. Nd6 Rd8 31. Nb5 Rb7 32. Nxd4 1-0

[Event "EU-ch Blitz (Women)"]
[Site "Monaco"]
[Date "2024.01.12"]
[Round "4"]
[White "Radeva, Viktoria"]
[Black "Hunt, Harriet"]
[Result "1-0"]
[WhiteElo "2325"]
[BlackElo "2306"]
[PlyCount "85"]
[EventDate "2024.01.12"]
[EventType "swiss (blitz)"]
[EventRounds "13"]
[EventCountry "MNC"]
[SourceTitle "CB03_2024"]
[SourceDate "2024.01.17"]
[SourceVersion "1"]
[SourceVersionDate "2024.01.17"]
[SourceQuality "1"]

1. e4 c5 2. Nc3 Nc6 3. Nge2 g6 4. g3 Bg7 5. Bg2 d6 6. 0-0 e6 7. d3 Nge7 8. Be3 Nd4 9. Qd2 0-0 10. Nd1 Rb8 11. c3 Nxe2+ 12. Qxe2 Nc6 13. Qd2 Re8 14. Bh6 Bh8 15. h4 d5 16. Qe2 dxe4 17. dxe4 Ne5 18. Ne3 Qd3 19. Rfe1 Bd7 20. f4 Qxe2 21. Rxe2 Nc6 22. Rd1 Rbd8 23. e5 f6 24. exf6 Bxf6 25. Ng4 Be7 26. Bg5 Bc8 27. Red2 Rxd2 28. Rxd2 Rd8 29. Rxd8+ Bxd8 30. Bxc6 Bxg5 31. hxg5 bxc6 32. Ne5 Bb7 33. Nd7 c4 34. Ne5 c5 35. Nd7 Bd5 36. Kf2 Kf7 37. Nxc5 Ke7 38. Ke3 Kd6 39. Ne4+ Ke7 40. Nf6 Bc6 41. Nxh7 Kd6 42. Kd4 Bd5 43. Nf6 1-0

[Event "EU-chT (Women) 24th"]
[Site "Budva"]
[Date "2023.11.17"]
[Round "6.3"]
[White "Radeva, Viktoria"]
[Black "Balajayeva, Khanim Asad Qizi"]
[Result "1/2-1/2"]
[WhiteElo "2332"]
[BlackElo "2328"]
[PlyCount "76"]
[EventDate "2023.11.11"]
[EventType "team-swiss"]
[EventRounds "9"]
[EventCountry "MNE"]
[SourceTitle "CB47_2023"]
[SourceDate "2023.11.22"]
[SourceVersion "1"]
[SourceVersionDate "2023.11.22"]
[SourceQuality "1"]
[WhiteTeam "Bulgaria (W)"]
[BlackTeam "Azerbaijan (W)"]
[WhiteTeamCountry "BUL"]
[BlackTeamCountry "AZE"]

1. e4 e5 2. Nf3 Nc6 3. Nc3 Nf6 4. d4 exd4 5. Nxd4 Bb4 6. Nxc6 bxc6 7. Bd3 d5 8. exd5 0-0 9. 0-0 cxd5 10. h3 c6 11. Qf3 Bd6 12. Bf4 Qc7 13. Ne2 Rb8 14. Bxd6 Qxd6 15. b3 c5 16. Rad1 Qc7 17. Qg3 Qxg3 18. Nxg3 Be6 19. Rfe1 a5 20. Bf5 Rfe8 21. Bxe6 Rxe6 22. Rxe6 fxe6 23. Ne2 Kf7 24. Nf4 Ke7 25. Re1 Rb6 26. h4 a4 27. f3 Kd7 28. g4 Ne8 29. Nd3 Kd6 30. Nf4 Kd7 31. Nd3 Kd6 32. Nf4 Nc7 33. Nh5 c4 34. Nxg7 axb3 35. axb3 cxb3 36. cxb3 Rxb3 37. Kf2 d4 38. g5 e5 1/2-1/2

[Event "SRB-chT (Women) Div1"]
[Site "Senta"]
[Date "2023.10.13"]
[Round "4.1"]
[White "Vujovic, Vera"]
[Black "Radeva, Viktoria"]
[Result "0-1"]
[WhiteElo "1944"]
[BlackElo "2293"]
[PlyCount "110"]
[EventDate "2023.10.10"]
[EventType "team-tourn"]
[EventRounds "11"]
[EventCountry "SRB"]
[SourceTitle "Mega2024 Update 01"]
[Source "Chessbase"]
[SourceDate "2023.11.12"]
[SourceVersion "1"]
[SourceVersionDate "2023.11.12"]
[SourceQuality "1"]
[WhiteTeam "Belgrade Vidikovac (W)"]
[BlackTeam "Nova Varos Zlatar (W)"]
[WhiteTeamCountry "SRB"]
[BlackTeamCountry "SRB"]

1. e4 c5 2. Nf3 a6 3. c3 e6 4. d4 d5 5. exd5 exd5 6. Be2 Nf6 7. 0-0 cxd4 8. Nxd4 Nc6 9. Be3 Bd6 10. Nd2 0-0 11. h3 Re8 12. Re1 Bc7 13. Qc2 Qd6 14. Nf1 Ne4 15. Bd3 Bd7 16. Rad1 h6 17. Nb3 Ng5 18. Bf5 Bxf5 19. Qxf5 Re5 20. Qd3 Ne6 21. f4 Rxe3 22. Qxe3 Nxf4 23. Kh1 Qg6 24. Rd2 Rd8 25. Nd4 Nxd4 26. cxd4 Nh5 27. Rde2 Nf4 28. Rd2 Ne6 29. Rf2 Bb6 30. Rd1 Qh5 31. Qe2 Qh4 32. Qf3 Rd7 33. Rfd2 h5 34. Ne3 Ba5 35. Nf5 Qg5 36. h4 Qf6 37. Rf2 Qg6 38. Qa3 Bd8 39. Qa4 b5 40. Qc2 Qg4 41. Qe2 Qxe2 42. Rxe2 g6 43. Ne3 Bxh4 44. g4 Nf4 45. Rh2 Bg3 46. Rc2 Re7 47. Nf1 h4 48. Nxg3 hxg3 49. Rc3 g2+ 50. Kh2 g5 51. Ra3 Re6 52. Kg3 Kg7 53. b4 g1Q+ 54. Rxg1 Ne2+ 55. Kf2 Nxg1 0-1

[Event "SRB-chT (Women) Div1"]
[Site "Senta"]
[Date "2023.10.12"]
[Round "3.1"]
[White "Radeva, Viktoria"]
[Black "Kolagatla, Alana Meenakshi"]
[Result "1-0"]
[WhiteElo "2293"]
[BlackElo "2131"]
[PlyCount "103"]
[EventDate "2023.10.10"]
[EventType "team-tourn"]
[EventRounds "11"]
[EventCountry "SRB"]
[SourceTitle "Mega2024 Update 01"]
[Source "Chessbase"]
[SourceDate "2023.11.12"]
[SourceVersion "1"]
[SourceVersionDate "2023.11.12"]
[SourceQuality "1"]
[WhiteTeam "Nova Varos Zlatar (W)"]
[BlackTeam "Novi Sad Sah Kruzok (W)"]
[WhiteTeamCountry "SRB"]
[BlackTeamCountry "SRB"]

1. e4 c5 2. Nc3 Nc6 3. Nge2 d6 4. d4 cxd4 5. Nxd4 Nf6 6. Bg5 a6 7. Bxf6 gxf6 8. Nf5 e6 9. Ne3 b5 10. Qd2 Bb7 11. a4 b4 12. Na2 Qa5 13. Nc1 Bh6 14. Bd3 Rg8 15. 0-0 Nd4 16. f4 e5 17. Ne2 Nxe2+ 18. Qxe2 Bxf4 19. Nd5 Bxd5 20. exd5 Qc5+ 21. Kh1 Qe3 22. Qxe3 Bxe3 23. Rxf6 Ke7 24. Rf3 Bd4 25. Raf1 Rg7 26. b3 Rag8 27. g3 a5 28. Rf5 h6 29. Kg2 Be3 30. Kf3 Bg5 31. Ke2 h5 32. h4 Bh6 33. Rxh5 Rh8 34. Rhf5 Rxg3 35. Rxf7+ Kd8 36. Ra7 Rhg8 37. Ra8+ Ke7 38. Ra7+ Kd8 39. Bb5 Bf4 40. Rd7+ Kc8 41. Rxd6 Rg2+ 42. Rf2 R2g3 43. Rc6+ Kb7 44. d6 Re3+ 45. Kf1 Re4 46. d7 Rd4 47. Rc8 Rd1+ 48. Ke2 Rd2+ 49. Ke1 Rg1+ 50. Rf1 Rgg2 51. Bc6+ Ka7 52. Bxg2 1-0

[Event "SRB-chT (Women) Div1"]
[Site "Senta"]
[Date "2023.10.11"]
[Round "2.1"]
[White "Pipiras, Filipa Fortuna"]
[Black "Radeva, Viktoria"]
[Result "0-1"]
[WhiteElo "2252"]
[BlackElo "2293"]
[PlyCount "68"]
[EventDate "2023.10.10"]
[EventType "team-tourn"]
[EventRounds "11"]
[EventCountry "SRB"]
[SourceTitle "Mega2024 Update 01"]
[Source "Chessbase"]
[SourceDate "2023.11.12"]
[SourceVersion "1"]
[SourceVersionDate "2023.11.12"]
[SourceQuality "1"]
[WhiteTeam "Lucani Mladost (W)"]
[BlackTeam "Nova Varos Zlatar (W)"]
[WhiteTeamCountry "SRB"]
[BlackTeamCountry "SRB"]

1. d4 Nf6 2. c4 e6 3. Nc3 d5 4. cxd5 exd5 5. Bg5 c6 6. e3 Bd6 7. Bd3 0-0 8. Nf3 Re8 9. 0-0 Bg4 10. Qb3 Na6 11. Nd2 Bh5 12. h3 h6 13. Bf4 Bxf4 14. exf4 Qd6 15. g3 Nc7 16. f5 Re3 17. Qc2 Rxg3+ 18. fxg3 Qxg3+ 19. Kh1 Qxh3+ 20. Kg1 Qg3+ 21. Kh1 Re8 22. Nd1 Be2 23. Bxe2 Rxe2 24. Rf2 Re1+ 25. Nf1 Ng4 26. Rb1 Rxd1 27. Rg2 Qh3+ 28. Kg1 Ne3 29. Rxd1 Nxc2 30. a3 Qxf5 31. Rg3 Ne6 32. Rd2 Ncxd4 33. Rf2 Qe4 34. Rfg2 Ne2+ 0-1

[Event "SRB-chT (Women) Div1"]
[Site "Senta"]
[Date "2023.10.10"]
[Round "1.1"]
[White "Radeva, Viktoria"]
[Black "Doluhanova, Evgeniya"]
[Result "1/2-1/2"]
[WhiteElo "2293"]
[BlackElo "2230"]
[PlyCount "80"]
[EventDate "2023.10.10"]
[EventType "team-tourn"]
[EventRounds "11"]
[EventCountry "SRB"]
[SourceTitle "Mega2024 Update 01"]
[Source "Chessbase"]
[SourceDate "2023.11.12"]
[SourceVersion "1"]
[SourceVersionDate "2023.11.12"]
[SourceQuality "1"]
[WhiteTeam "Nova Varos Zlatar (W)"]
[BlackTeam "Kostolac Rudar (W)"]
[WhiteTeamCountry "SRB"]
[BlackTeamCountry "SRB"]

1. e4 e5 2. Nf3 Nc6 3. Bc4 Bc5 4. d3 Nf6 5. 0-0 0-0 6. Re1 Ng4 7. Re2 Kh8 8. h3 f5 9. Bg5 Nf6 10. Nc3 fxe4 11. dxe4 Be7 12. Rd2 d6 13. Bh4 Qe8 14. Bg3 Na5 15. Bb5 c6 16. Be2 b5 17. b4 Nb7 18. a4 bxa4 19. Rxa4 a5 20. Bd3 Bd7 21. bxa5 Rxa5 22. Rxa5 Nxa5 23. Qa1 Nb7 24. Na4 Nh5 25. Qb2 Nd8 26. Be2 Nxg3 27. fxg3 Be6 28. Kh2 Qg6 29. Nc3 Qh6 30. Rd1 g5 31. Qc1 Qg7 32. Qe3 g4 33. hxg4 Nf7 34. Nh4 Bg5 35. Qd3 Qh6 36. Kg1 Be3+ 37. Kh2 Bd4 38. Rf1 Ng5 39. Rxf8+ Qxf8 40. Bf3 Bc5 1/2-1/2

[Event "EU-Cup (Women) 27th"]
[Site "Durres"]
[Date "2023.10.07"]
[Round "7.3"]
[White "Demeter, Dorina"]
[Black "Radeva, Viktoria"]
[Result "1/2-1/2"]
[WhiteElo "2115"]
[BlackElo "2293"]
[PlyCount "71"]
[EventDate "2023.10.01"]
[EventType "team-swiss"]
[EventRounds "7"]
[EventCountry "ALB"]
[SourceTitle "EXT 2024"]
[Source "ChessBase"]
[SourceDate "2023.10.10"]
[SourceVersion "1"]
[SourceVersionDate "2023.10.10"]
[SourceQuality "1"]
[WhiteTeam "Gokturk (W)"]
[BlackTeam "Gambit Asseco See (W)"]
[WhiteTeamCountry "TUR"]
[BlackTeamCountry "MKD"]

1. d4 Nf6 2. c4 e6 3. Nc3 d5 4. cxd5 exd5 5. Bg5 c6 6. e3 Bd6 7. Bd3 0-0 8. Nf3 h6 9. Bh4 Re8 10. 0-0 Nbd7 11. Qc2 Nf8 12. Bg3 Bxg3 13. hxg3 Bg4 14. Ne5 N8d7 15. Nxg4 Nxg4 16. Bf5 Ngf6 17. b4 Rc8 18. Qb3 g6 19. Bd3 Ng4 20. Be2 Qg5 21. Bxg4 Qxg4 22. b5 Nf6 23. bxc6 bxc6 24. Qd1 Qg5 25. Ne2 Ne4 26. Nf4 h5 27. Qe2 Kg7 28. Nd3 h4 29. gxh4 Qxh4 30. g3 Nxg3 31. fxg3 Qxg3+ 32. Qg2 Qxe3+ 33. Qf2 Qg5+ 34. Qg2 Qe3+ 35. Qf2 Qg5+ 36. Qg2 1/2-1/2

[Event "WchT (Women) Pool-B"]
[Site "Bydgoszcz"]
[Date "2023.09.07"]
[Round "4.2"]
[White "Antolak, Julia"]
[Black "Radeva, Viktoria"]
[Result "1/2-1/2"]
[WhiteElo "2299"]
[BlackElo "2289"]
[PlyCount "89"]
[EventDate "2023.09.06"]
[EventType "team (rapid)"]
[EventRounds "5"]
[EventCountry "POL"]
[SourceTitle "EXT 2024"]
[Source "ChessBase"]
[SourceDate "2023.10.10"]
[SourceVersion "1"]
[SourceVersionDate "2023.10.10"]
[SourceQuality "1"]
[WhiteTeam "Poland (W)"]
[BlackTeam "Bulgaria (W)"]
[WhiteTeamCountry "POL"]
[BlackTeamCountry "BUL"]

1. d4 d5 2. c4 e6 3. Nc3 c6 4. e4 dxe4 5. Nxe4 Bb4+ 6. Bd2 Qxd4 7. Bxb4 Qxe4+ 8. Be2 Na6 9. Ba5 b6 10. Qd6 Bd7 11. Bc3 f6 12. Nf3 Ne7 13. Nd2 Qg6 14. Bf3 Nf5 15. Qa3 Nc5 16. 0-0 0-0 17. Bb4 Nd4 18. Bxc5 bxc5 19. Qxc5 e5 20. Kh1 Qc2 21. Rad1 Qxb2 22. Nb3 Nxf3 23. Rxd7 Qe2 24. Rfd1 Ne1 25. Kg1 Nc2 26. h3 Qe4 27. Qe7 Qg6 28. Qe6+ Kh8 29. Qxc6 h6 30. Rc7 Rad8 31. Rdd7 Rxd7 32. Qxd7 Ne1 33. Qg4 Qxg4 34. hxg4 a5 35. Nxa5 Ra8 36. Rc5 Nd3 37. Rb5 Nc1 38. a4 Ne2+ 39. Kh2 Nc3 40. Rb3 Rxa5 41. Rxc3 Rxa4 42. c5 Ra7 43. Kg3 Kg8 44. Kf3 Kf7 45. c6 1/2-1/2

[Event "WchT (Women) Pool-B"]
[Site "Bydgoszcz"]
[Date "2023.09.06"]
[Round "2.3"]
[White "Pourkashiyan, Atousa"]
[Black "Radeva, Viktoria"]
[Result "1-0"]
[WhiteElo "2288"]
[BlackElo "2289"]
[PlyCount "132"]
[EventDate "2023.09.06"]
[EventType "team (rapid)"]
[EventRounds "5"]
[EventCountry "POL"]
[SourceTitle "EXT 2024"]
[Source "ChessBase"]
[SourceDate "2023.10.10"]
[SourceVersion "1"]
[SourceVersionDate "2023.10.10"]
[SourceQuality "1"]
[WhiteTeam "United States (W)"]
[BlackTeam "Bulgaria (W)"]
[WhiteTeamCountry "USA"]
[BlackTeamCountry "BUL"]

1. e4 e6 2. d4 d5 3. Nd2 c5 4. exd5 Qxd5 5. Ngf3 cxd4 6. Bc4 Qd6 7. 0-0 Nf6 8. Nb3 Nc6 9. Nbxd4 a6 10. Nxc6 Qxc6 11. Bb3 b5 12. Nd4 Qb7 13. a4 Bd7 14. Re1 Be7 15. axb5 axb5 16. Rxa8+ Qxa8 17. Qe2 0-0 18. Nxb5 Bc6 19. f3 Bc5+ 20. Kh1 Qb8 21. Bc4 Nh5 22. Qe5 Qxe5 23. Rxe5 Rd8 24. Bd3 Bxb5 25. Rxc5 Bxd3 26. cxd3 f5 27. g4 Nf6 28. gxf5 exf5 29. Bg5 Rxd3 30. Bxf6 gxf6 31. Rxf5 Rd1+ 32. Kg2 Rd2+ 33. Kg3 Rxb2 34. Rxf6 Kg7 35. Rc6 Rb4 36. Re6 Ra4 37. h3 Rb4 38. Re4 Rb7 39. Kg4 Kg6 40. Re6+ Kf7 41. Re5 Kg7 42. f4 Ra7 43. Kg5 h6+ 44. Kf5 Rf7+ 45. Kg4 Ra7 46. Re6 Rb7 47. h4 Ra7 48. h5 Rb7 49. Rg6+ Kh7 50. Ra6 Kg7 51. Rg6+ Kh7 52. f5 Rb4+ 53. Kg3 Rb5 54. Kf4 Rb4+ 55. Ke5 Rb5+ 56. Ke4 Rb4+ 57. Ke5 Rb5+ 58. Ke6 Rb6+ 59. Kd7 Rb5 60. f6 Rxh5 61. Rg7+ Kh8 62. Rg1 Rf5 63. Ke6 Rf2 64. f7 Kh7 65. Rg8 Re2+ 66. Kd5 Rd2+ 1-0

[Event "FIDE World Cup (Women)"]
[Site "Baku"]
[Date "2023.07.30"]
[Round "1.1"]
[White "Radeva, Viktoria"]
[Black "Rakhmangulova, Anastasiya"]
[Result "0-1"]
[WhiteElo "2267"]
[BlackElo "2347"]
[PlyCount "98"]
[EventDate "2023.07.30"]
[EventType "k.o."]
[EventRounds "7"]
[EventCountry "AZE"]
[SourceTitle "EXT 2024"]
[Source "ChessBase"]
[SourceDate "2023.10.10"]
[SourceVersion "1"]
[SourceVersionDate "2023.10.10"]
[SourceQuality "1"]

1. e4 c5 2. Nf3 Nc6 3. Bb5 g6 4. 0-0 Bg7 5. c3 a6 6. Bxc6 dxc6 7. h3 e5 8. d3 Qe7 9. Be3 Nf6 10. Nbd2 0-0 11. Nc4 Nd7 12. a4 a5 13. Qb3 Re8 14. Nfd2 Nf8 15. Nb6 Be6 16. Qa3 Rad8 17. Bxc5 Qh4 18. c4 Bxh3 19. gxh3 Qg5+ 20. Kh2 Qxd2 21. Be3 Qe2 22. Rae1 Qh5 23. Qb3 Ne6 24. Qd1 Qxd1 25. Rxd1 Bf8 26. Kg3 Bc5 27. Bxc5 Nxc5 28. Rfe1 Nxd3 29. Re2 Nc5 30. Ree1 Rd4 31. f3 Red8 32. Rxd4 exd4 33. Rd1 f6 34. Kf2 Kf7 35. Ke2 Ke6 36. h4 Ke5 37. Rf1 d3+ 38. Ke3 d2 39. Rd1 Rd3+ 40. Ke2 Kf4 41. Nc8 Rd8 42. Nb6 h5 43. b4 axb4 44. Rxd2 Rxd2+ 45. Kxd2 Kxf3 46. Nc8 Kxe4 47. Kc2 g5 48. hxg5 fxg5 49. a5 Ke5 0-1

[Event "ISR-chT (Women)"]
[Site "Ramat Gan"]
[Date "2023.07.07"]
[Round "2.3"]
[White "Radeva, Viktoria"]
[Black "Botvinnik, Irina"]
[Result "1-0"]
[WhiteElo "2267"]
[BlackElo "2211"]
[PlyCount "103"]
[EventDate "2023.07.06"]
[EventType "team-swiss"]
[EventRounds "5"]
[EventCountry "ISR"]
[SourceTitle "CBM 215 Extra"]
[Source "ChessBase"]
[SourceDate "2023.09.30"]
[SourceVersion "1"]
[SourceVersionDate "2023.09.30"]
[SourceQuality "1"]
[WhiteTeam "Rishon Le Zion (W) II"]
[BlackTeam "Kfar Saba Hapoel (W)"]
[WhiteTeamCountry "ISR"]
[BlackTeamCountry "ISR"]

1. e4 c5 2. Nf3 Nc6 3. d4 cxd4 4. Nxd4 e6 5. Nc3 a6 6. Be2 Qb6 7. Nb3 Nf6 8. Be3 Qc7 9. f4 d6 10. g4 b5 11. Bf3 Bb7 12. Qe2 Be7 13. 0-0-0 Rc8 14. Kb1 Na5 15. Nxa5 Qxa5 16. e5 Bxf3 17. Qxf3 dxe5 18. fxe5 Nd5 19. Nxd5 exd5 20. Rxd5 0-0 21. Rf1 Qc7 22. Qf5 Rcd8 23. Rxd8 Bxd8 24. e6 f6 25. Bc5 Re8 26. Qd5 Qe5 27. Qxe5 fxe5 28. Rf5 Bf6 29. g5 Rxe6 30. gxf6 gxf6 31. Kc1 Kf7 32. Kd2 Kg6 33. Rf2 f5 34. Ke3 Rc6 35. b4 a5 36. a3 axb4 37. axb4 Ra6 38. Rd2 Ra3+ 39. Rd3 Ra1 40. Rd6+ Kg5 41. Rd7 Ra3+ 42. Rd3 Ra1 43. Bd6 f4+ 44. Ke2 e4 45. Rd5+ Kg4 46. h3+ Kxh3 47. Bxf4 Kg4 48. Be3 h5 49. Rg5+ Kh4 50. Rxb5 Rh1 51. Re5 Rh2+ 52. Bf2+ 1-0

[Event "ISR-chT (Women)"]
[Site "Ramat Gan"]
[Date "2023.07.06"]
[Round "1.4"]
[White "Kochavi, Dana"]
[Black "Radeva, Viktoria"]
[Result "0-1"]
[WhiteElo "2101"]
[BlackElo "2267"]
[PlyCount "76"]
[EventDate "2023.07.06"]
[EventType "team-swiss"]
[EventRounds "5"]
[EventCountry "ISR"]
[SourceTitle "CBM 215 Extra"]
[Source "ChessBase"]
[SourceDate "2023.09.30"]
[SourceVersion "1"]
[SourceVersionDate "2023.09.30"]
[SourceQuality "1"]
[WhiteTeam "Ramat Gan Malkot Etude (W)"]
[BlackTeam "Rishon Le Zion (W) II"]
[WhiteTeamCountry "ISR"]
[BlackTeamCountry "ISR"]

1. e4 c5 2. Nf3 e6 3. d4 cxd4 4. Nxd4 a6 5. Bd3 Bc5 6. Nb3 Ba7 7. Qg4 Nf6 8. Qg3 d6 9. Nc3 Nc6 10. Be3 Bxe3 11. Qxe3 b5 12. a3 Bb7 13. f4 Qc7 14. 0-0-0 b4 15. axb4 Nxb4 16. g4 d5 17. Kb1 Rc8 18. Rd2 dxe4 19. Nxe4 Nxd3 20. cxd3 Nxe4 21. dxe4 Qc4 22. Nd4 0-0 23. Rc2 Qb4 24. Rhc1 Rxc2 25. Rxc2 Rd8 26. Rc7 Rxd4 27. Rxb7 Rd1+ 28. Kc2 Qxb7 29. Kxd1 Qxb2 30. Qd3 h6 31. Qxa6 Qd4+ 32. Kc1 Qg1+ 33. Kd2 Qxh2+ 34. Ke3 Qg3+ 35. Kd4 Qf2+ 36. Kc3 Qe3+ 37. Kb2 Qxe4 38. Qf1 e5 0-1

[Event "Veliko Gradiste Silver Lake op-A"]
[Site "Veliko Gradiste"]
[Date "2023.06.20"]
[Round "4"]
[White "Bazakutsa, Svyatoslav"]
[Black "Radeva, Viktoria"]
[Result "0-1"]
[WhiteElo "2388"]
[BlackElo "2283"]
[PlyCount "88"]
[EventDate "2023.06.18"]
[EventType "swiss"]
[EventRounds "9"]
[EventCountry "SRB"]
[SourceTitle "CBM 215 Extra"]
[Source "ChessBase"]
[SourceDate "2023.09.30"]
[SourceVersion "1"]
[SourceVersionDate "2023.09.30"]
[SourceQuality "1"]

1. c4 e6 2. Nf3 Nf6 3. e3 b6 4. b3 Bb7 5. g3 Be7 6. Bg2 c5 7. Bb2 0-0 8. 0-0 d5 9. Nc3 Nbd7 10. Qe2 Rc8 11. Rac1 Qc7 12. cxd5 Nxd5 13. Nxd5 Bxd5 14. e4 Bb7 15. d4 Qb8 16. Rfd1 cxd4 17. Nxd4 Rxc1 18. Rxc1 Rc8 19. Rd1 Nc5 20. e5 Bxg2 21. Kxg2 Qb7+ 22. Qf3 Qxf3+ 23. Kxf3 f6 24. Ne2 Kf7 25. exf6 gxf6 26. Ba3 Rc7 27. Nf4 e5 28. Ng2 Nxb3 29. Bxe7 Nd4+ 30. Rxd4 exd4 31. Bd6 Rc2 32. a3 Ke6 33. Bb8 a5 34. Nf4+ Kd7 35. Nd5 f5 36. Nf6+ Kc6 37. Nxh7 b5 38. Nf6 b4 39. Ba7 Rd2 40. axb4 axb4 41. g4 b3 42. gxf5 b2 43. Ne4 Rd3+ 44. Ke2 b1Q 0-1

[Event "BL 2223 (Women)"]
[Site "Germany"]
[Date "2023.05.01"]
[Round "11.1"]
[White "Radeva, Viktoria"]
[Black "Dartmann Aubanell, Catriona"]
[Result "1-0"]
[WhiteElo "2263"]
[BlackElo "1870"]
[PlyCount "79"]
[EventDate "2022.10.15"]
[EventType "team-tourn"]
[EventRounds "11"]
[EventCountry "GER"]
[SourceTitle "EXT 2024"]
[Source "ChessBase"]
[SourceDate "2023.10.10"]
[SourceVersion "1"]
[SourceVersionDate "2023.10.10"]
[SourceQuality "1"]
[WhiteTeam "Bad Koenigshofen (W)"]
[BlackTeam "Hemer (W)"]
[WhiteTeamCountry "GER"]
[BlackTeamCountry "GER"]

1. e4 e6 2. d4 d5 3. e5 c5 4. c3 Nc6 5. Nf3 Bd7 6. Be2 Nge7 7. Na3 cxd4 8. cxd4 Nf5 9. Nc2 Be7 10. 0-0 0-0 11. Bd3 f6 12. Bxf5 exf5 13. Re1 Be8 14. Qd3 Bh5 15. e6 Qc7 16. Nh4 Bb4 17. Bd2 Bxd2 18. Qxd2 f4 19. Nb4 Nxb4 20. Qxb4 Rac8 21. Nf5 Qc4 22. Qxb7 Rc7 23. Ne7+ Rxe7 24. Qxe7 Qxd4 25. Qd7 f3 26. e7 Re8 27. Rad1 Qxb2 28. Qxd5+ Bf7 29. Qxf3 Qxa2 30. Rd8 Qa5 31. Red1 Qc5 32. Rxe8+ Bxe8 33. Qb3+ Kh8 34. Qe6 Qc2 35. Qd5 g6 36. h3 a5 37. Qd8 Kg7 38. Qxe8 Qxd1+ 39. Kh2 Qd6+ 40. g3 1-0